Black Sea energy survey

Salvato in:
Dettagli Bibliografici
Natura: Libro
Lingua:inglese
Pubblicazione: Paris OECD/IEA 2000
Soggetti:
Tags: Aggiungi Tag
Nessun Tag, puoi essere il primo ad aggiungerne!!

MARC

LEADER 00000nam a2200000 4500
001 c123860
005 20221108091700.1
020 |a 92-64-17652-7 
041 0 |a eng 
044 |a FR 
245 1 0 |a Black Sea energy survey 
264 1 |a Paris  |b OECD/IEA  |c 2000 
300 |a 256 s. 
610 2 0 |a palivá 
610 2 0 |a nafta 
610 2 0 |a plyn zemný 
610 2 0 |a uhlie 
610 2 0 |a zdroje energetické 
610 2 0 |a zdroje energie prírodné 
610 2 0 |a ťažba surovín 
610 2 0 |a obchod 
610 2 0 |a doprava 
610 2 0 |a situácia hospodárska 
610 2 0 |a vlastníctvo štátne 
610 2 0 |a privatizácia 
610 2 0 |a reformy štruktúrne 
610 2 0 |a hospodárstvo energetické 
610 2 0 |a integrácia 
610 2 0 |a trh 
610 2 0 |a elektrina 
610 2 0 |a investície 
610 2 0 |a porovnanie medzinárodné 
610 2 0 |a projekty 
610 2 0 |a OECD